Регионална библиотека "Любен Каравелов" - Русе

Майсторските класове и школата Кабаиванска (Запис номер 400615)

MARC детайли
000 -Лидер
Контролно поле с фиксирана дължина nam a22 a 4500
003 - Код на организацията, давaща контролен номер
Контролно поле BLK
005 - Дата и час на последна редакция
Контролно поле 20210312083913.0
008 - Елементи от данни с фиксирана дължина
fixed length control field 210310b bu |||||r|||| 00| | bu d
020 ## - Международен стандартен номер на книга ISBN
Международен стандартен номер на книга ISBN 978-619-233-144-3
040 ## - Източник на каталожния запис
Идентификатор на билиотеката - собственик на записа BLK
041 ## - Код за език
Код за езика на текст/звукозапис или на отделно заглавие Български
Код за езика КДБФ Български
080 ## - УДК
Текстов определител УДК Музикални изпълнители (инструменталисти, певци), интерпретатори, диригенти
УДК код - определител по УДК 78.071.2
УДК определител (497.2)(092)
УДК - код + определител 78.071.2(497.2)(092)
139 ## - Редно поле
Редна дума Майсторските класове и школата Кабаиванска
Авторски знак Маи - М 16
245 ## - Сведения за заглавието
Заглавие Майсторските класове и школата Кабаиванска
Подзаглавни данни 20 години Международен майсторски клас на Райна Кабаиванска в Нов български университет
Редно поле (дума) състав. Георги Текев;фотогр.Александър Богдан Томпсън
246 ## - Различни форми на заглавието
Паралелно заглавие Master classes and Kabaivanska school
Подзаглавни данни 20 years International Master class of Raina Kabaivanska at New Bulgarian University
260 ## - Област на издателските данни
9 (RLIN) 209549
Място на издаване, разпространение и проч. София
Име на издателя, разпространителя и проч. Нов бълг. унив.
Година на издаване 2020
Информация за издателството НБУ
Издателство - префикс ISBN 978-954-535- ; 954-9926-
300 ## - Физическа характеристика
Страници 167 с.
Илюстрации и др. с цв.ил., портр.
Размери/Мащаб 31 см
380 ## - Жанр
Жанр Изкуство
500 ## - Общи забележки
Забележка Други фотогр.: Виктор Викторов, Иво Попов, Крум Стоев, Иван-Александър Кютев, Джулия Дзукери, Даниеле Полтрониери
650 #7 - Допълнително описание по предмет – тема
9 (RLIN) 165048
Основно описание – тема или топоним Оперни и оперетни артисти, български
653 #7 - Ключова дума – ненормативна
9 (RLIN) 192854
Ключова дума оперни певци
653 #7 - Ключова дума – ненормативна
9 (RLIN) 182576
Ключова дума България
653 #7 - Ключова дума – ненормативна
9 (RLIN) 195221
Ключова дума Райна Кабаиванска
700 ## - Други автори (авторска отговорност)
9 (RLIN) 1478
Лично име Текев, Георги Събинов
Автороска отговорност (Описва отношението между автора и произведението) състав.
700 ## - Други автори (авторска отговорност)
9 (RLIN) 1631
Лично име Томпсън, Александър Богдан
Автороска отговорност (Описва отношението между автора и произведението) фотогр.
852 ## - Местоположение
Форматна сигнатура Цб ІІ 29790
Фондова буква Хранилище
999 ## - СИСТЕМНИ КОНТРОЛНИ НОМЕРА
Koha biblionumber 400615
Koha biblioitemnumber 400615
942 ## - АРТИКУЛИ
Вид на библиотечния материал Книги
Скрит в OPAC Не
Периодичен библиозапис Да
944 ## - СЪЗДАВАНЕ И РЕДАКЦИЯ на ЗАПИСА
Създаване/Редакция Създаване
Дата на регистрацията/редакция 2021-03-10
Служител, извършил регистрацията/редакцията Христина Везирева
999 ## - СИСТЕМНИ КОНТРОЛНИ НОМЕРА
Koha biblioitemnumber 400615
Наличности
Код за отписване Код за изгубен артикул Източник на класификационната схема Код за повреда Коз за рестрикции Код за отдаване Артикулен № Име на библиотеката - собственик Име на библиотеката, в която се намира в момента Статус (Текущо местоположение) Дата на вписване в системата Местоположение - отдел Цена в лева Систематично азбучна сигнатура Баркод Цена в евро Служебен тип на артикула
  Не е изгубен Universal Decimal Classification Не е повреден само за читалня ползва се в читалня 815836 Регионална библиотека "Любен Каравелов" Русе Регионална библиотека "Любен Каравелов" Русе Хранилище 2021-03-10 Хранилище 33.00 Цб ІІ 29790 120000853149 16.87 Книги
  Не е изгубен Universal Decimal Classification Не е повреден без рестрикции заемане за дома 816221 Регионална библиотека "Любен Каравелов" Русе Регионална библиотека "Любен Каравелов" Русе Отдел Изкуство - подръчен фонд 2021-03-15 Отдел Изкуство - подръчен фонд 33.00 78.071.2/М 16 120000853505 16.87 Книги
Vip Innovations Ltd, Rousse, Bulgaria 2025